Every lyric in Fairport Convention's 'Tam Lin' - Statistics

General Stats
  • This quiz has been taken 19 times
  • The average score is 328 of 494
Answer Stats
Answer % Correct
a
100%
an
100%
go
100%
go",
100%
he
100%
"I
100%
I
100%
Lin
100%
Lin,"
100%
she
100%
She
100%
Tam
100%
To
100%
to
100%
you
100%
your
100%
as
89%
be
89%
fair
89%
for
89%
For
89%
her
89%
in
89%
In
89%
Janet
89%
Janet"
89%
love
89%
the
89%
"The
89%
When
89%
when
89%
all
78%
And
78%
"And
78%
and
78%
"and
78%
can
78%
fast
78%
fear
78%
gone
78%
green
78%
hair
78%
is
78%
maidens
78%
me?"
78%
me,
78%
me
78%
my
78%
night
78%
no
78%
not
78%
not,
78%
she's
78%
so",
78%
so
78%
So
78%
that
78%
there
78%
tied
78%
wear
78%
above
67%
am
67%
baby's
67%
bit
67%
but
67%
But
67%
Carterhaugh
67%
child"
67%
child
67%
father
67%
forbid
67%
gold
67%
hall
67%
hold
67%
horse
67%
kirtle
67%
knee
67%
of
67%
on
67%
only
67%
Queen
67%
Queen,
67%
queen
67%
said,
67%
say
67%
they
67%
up
67%
young
67%
arms
56%
ask
56%
bold
56%
by
56%
come
56%
die
56%
down
56%
from
56%
give
56%
Hallowe'en
56%
if
56%
it
56%
knight
56%
knight,
56%
leave
56%
lion
56%
more"
56%
"myself
56%
myself
56%
naked
56%
out
56%
rose,
56%
rose
56%
see
56%
tell
56%
tight
56%
travel
56%
tree."
56%
turn
56%
will
56%
win
56%
with
56%
would
56%
angry
44%
bear
44%
blame
44%
bridle
44%
caught
44%
did
44%
double
44%
earthly
44%
Either
44%
else
44%
eyes
44%
fell
44%
flesh
44%
have"
44%
have
44%
heard
44%
him
44%
I'd
44%
into
44%
"Lady,
44%
looked
44%
maidenhead"
44%
mantle
44%
middle
44%
name
44%
"Oh,
44%
Oh,
44%
or
44%
pledge
44%
pull
44%
pulled
44%
ride
44%
rider
44%
ring
44%
seven
44%
shall
44%
snake
44%
spoke
44%
steed
44%
steed,
44%
their
44%
then
44%
Then
44%
There's
44%
Those
44%
turned
44%
two
44%
were
44%
what
44%
"what
44%
white
44%
why
44%
"why
44%
any
33%
change
33%
cloak
33%
command
33%
dear
33%
dwell?"
33%
elfin
33%
faery
33%
Faery
33%
feared
33%
full
33%
had
33%
heeded
33%
hell
33%
here
33%
"I'll
33%
I'll
33%
ill
33%
keep
33%
known,
33%
mantles
33%
meek
33%
mild
33%
must
33%
nearest
33%
newt
33%
pays
33%
run
33%
says
33%
sight"
33%
thee"
33%
think
33%
tonight
33%
town
33%
true
33%
was
33%
without
33%
years
33%
alas,
22%
at
22%
betide
22%
black
22%
came
22%
Cross
22%
death
22%
end
22%
face,
22%
Faeries
22%
folk
22%
get
22%
grey
22%
let
22%
may
22%
Miles
22%
None
22%
own
22%
Quickly
22%
renown
22%
this
22%
tithe
22%
Well,
22%
"Well,
22%
Woe
22%
bide
11%
brown
11%
first
11%
horses
11%
past
11%
She'd
11%
ill-fought
0%
No matching quizzes found
Score Distribution
Percent of People with Each Score
Percentile by Number Answered
Your Score History
You have not taken this quiz